<?xml version="1.0" encoding="UTF-8"?>
<record
    xmlns:xsi="http://www.w3.org/2001/XMLSchema-instance"
    xsi:schemaLocation="http://www.loc.gov/MARC21/slim http://www.loc.gov/standards/marcxml/schema/MARC21slim.xsd"
    xmlns="http://www.loc.gov/MARC21/slim">

  <leader>05021nam a22006497u 4500</leader>
  <controlfield tag="001">pwiiw0674</controlfield>
  <controlfield tag="003">OSt</controlfield>
  <controlfield tag="005">20260516120054.0</controlfield>
  <controlfield tag="008">090531t2009    au ||||| |||||||| ||ger d</controlfield>
  <datafield tag="040" ind1=" " ind2=" ">
    <subfield code="c">OSt</subfield>
  </datafield>
  <datafield tag="041" ind1=" " ind2=" ">
    <subfield code="a">ger</subfield>
  </datafield>
  <datafield tag="084" ind1=" " ind2=" ">
    <subfield code="a">P2</subfield>
    <subfield code="a">O57</subfield>
    <subfield code="a">E17</subfield>
    <subfield code="a">O4</subfield>
    <subfield code="2">jelc</subfield>
  </datafield>
  <datafield tag="100" ind1="1" ind2=" ">
    <subfield code="a">Astrov, Vasily</subfield>
  </datafield>
  <datafield tag="245" ind1="1" ind2="0">
    <subfield code="a">MOEL im Sog der Krise (CEECs Falling Prey to the International Crisis)</subfield>
  </datafield>
  <datafield tag="260" ind1=" " ind2=" ">
    <subfield code="a">Wien :</subfield>
    <subfield code="b">Wiener Institut f&#xFC;r Internationale Wirtschaftsvergleiche (wiiw),</subfield>
    <subfield code="c">2009.</subfield>
  </datafield>
  <datafield tag="300" ind1=" " ind2=" ">
    <subfield code="a">14 S., </subfield>
    <subfield code="b">6 Tables and 6 Figures,</subfield>
    <subfield code="c">30cm.</subfield>
  </datafield>
  <datafield tag="490" ind1="1" ind2=" ">
    <subfield code="a">wiiw Research Reports in German Language</subfield>
    <subfield code="v">2009-05</subfield>
  </datafield>
  <datafield tag="520" ind1=" " ind2=" ">
    <subfield code="a">(Reprint from: WIFO-Monatsberichte, Vol. 82, No. 5, May 2009)



Zusammenfassung



Die mittel- und osteurop&#xE4;ischen L&#xE4;nder (MOEL) sind sp&#xE4;testens seit September 2008 von der Krise der Weltwirtschaft ebenfalls betroffen. Vor allem die Industrieproduktion und der Au&#xDF;enhandel leiden unter den Folgen des Nachfrageeinbruchs. Das reale BIP-Wachstum verlangsamte sich zun&#xE4;chst deutlich und d&#xFC;rfte mittlerweile in fast allen L&#xE4;ndern von einem R&#xFC;ckgang abgel&#xF6;st worden sein. Die Verschlechterung der Wirtschaftslage bewirkte eine deutliche Erh&#xF6;hung der Arbeitslosigkeit. Die &#xF6;ffentlichen und die privaten Haushalte sowie die Unternehmen und Banken stehen unter Druck, der zunehmen wird, sollte die Weltwirtschaftskrise von l&#xE4;ngerer Dauer sein. Die Unterschiede zwischen den einzelnen L&#xE4;ndern sind jedoch substantiell, da in jedem Land spezielle krisenabschw&#xE4;chende oder -verst&#xE4;rkende Faktoren eine Rolle spielen. Gravierend d&#xFC;rfte die Rezession in jenen L&#xE4;ndern ausfallen, die durch hohe makro&#xF6;konomische Ungleichgewichte gekennzeichnet sind (Ungarn, baltische L&#xE4;nder) oder eine r&#xFC;ckst&#xE4;ndige Exportstruktur aufweisen (Ukraine).





English Summary

CEECs Falling Prey to the International Crisis



The current global financial and economic crisis has been spilling over to the Central and Eastern European countries (CEECs). After several years of economic prosperity in most of these countries, activities of the real economy have slowed down. The crisis has reached the region on two tracks. More difficult and costly access to borrowing (first track) exerts a negative impact on private consumption, especially with regard to demand for durable consumer goods, such as cars, on private investment (both in construction and equipment), and, finally, on foreign trade. At the same time, CEE exports are suffering from the recession in the EU 15 (second track), above all in Germany, the main trading partner for most of the CEECs. Industrial output and export data both reflect the depth of the economic downturn.



Inflation had been on the rise up to mid-2008, but decelerated afterwards, with cases of zero month-on-month inflation frequently seen in CEECs. At least, this is true for euro countries and countries with a fixed currency peg. In others, the currency depreciated after September 2008, which also led to significant real depreciation. CEECs with notoriously large current-account deficits are in a dilemma, as sources of external financing have become scarce. The same is true for countries where a wide gap between interest rates for domestic and foreign borrowing had seduced the private sector to accumulate large volumes of debt denominated in foreign currency. Governments were bound by fiscal discipline in recent years, but deficits will increase in 2009 and 2010 in an environment of low revenues, high expenditures and high unemployment. Apart from Russia, these countries have only limited means to implement economic stimulus packages. As internal sources will not be able to generate a great deal of additional demand, the CEECs will have to wait for spillovers from an improving business climate in the rest of the world.
</subfield>
  </datafield>
  <datafield tag="650" ind1=" " ind2=" ">
    <subfield code="a">transitional economies</subfield>
  </datafield>
  <datafield tag="650" ind1=" " ind2=" ">
    <subfield code="a">comparative study</subfield>
  </datafield>
  <datafield tag="650" ind1=" " ind2=" ">
    <subfield code="a">economic growth</subfield>
  </datafield>
  <datafield tag="650" ind1=" " ind2=" ">
    <subfield code="a">fiscal and monetary policy</subfield>
  </datafield>
  <datafield tag="650" ind1=" " ind2=" ">
    <subfield code="a">macroeconomic forecast</subfield>
  </datafield>
  <datafield tag="650" ind1=" " ind2=" ">
    <subfield code="a">macroeconomic analysis</subfield>
  </datafield>
  <datafield tag="651" ind1=" " ind2=" ">
    <subfield code="a">Albania</subfield>
  </datafield>
  <datafield tag="651" ind1=" " ind2=" ">
    <subfield code="a">Bosnia and Herzegovina</subfield>
  </datafield>
  <datafield tag="651" ind1=" " ind2=" ">
    <subfield code="a">Bulgaria</subfield>
  </datafield>
  <datafield tag="651" ind1=" " ind2=" ">
    <subfield code="a">Visegrad countries</subfield>
  </datafield>
  <datafield tag="651" ind1=" " ind2=" ">
    <subfield code="a">Croatia</subfield>
  </datafield>
  <datafield tag="651" ind1=" " ind2=" ">
    <subfield code="a">Czechia</subfield>
  </datafield>
  <datafield tag="651" ind1=" " ind2=" ">
    <subfield code="a">Estonia</subfield>
  </datafield>
  <datafield tag="651" ind1=" " ind2=" ">
    <subfield code="a">Hungary</subfield>
  </datafield>
  <datafield tag="651" ind1=" " ind2=" ">
    <subfield code="a">Kazakhstan</subfield>
  </datafield>
  <datafield tag="651" ind1=" " ind2=" ">
    <subfield code="a">Latvia</subfield>
  </datafield>
  <datafield tag="651" ind1=" " ind2=" ">
    <subfield code="a">Lithuania</subfield>
  </datafield>
  <datafield tag="651" ind1=" " ind2=" ">
    <subfield code="a">North Macedonia</subfield>
  </datafield>
  <datafield tag="651" ind1=" " ind2=" ">
    <subfield code="a">Montenegro</subfield>
  </datafield>
  <datafield tag="651" ind1=" " ind2=" ">
    <subfield code="a">Poland</subfield>
  </datafield>
  <datafield tag="651" ind1=" " ind2=" ">
    <subfield code="a">Romania</subfield>
  </datafield>
  <datafield tag="651" ind1=" " ind2=" ">
    <subfield code="a">Russia</subfield>
  </datafield>
  <datafield tag="651" ind1=" " ind2=" ">
    <subfield code="a">SEE</subfield>
  </datafield>
  <datafield tag="651" ind1=" " ind2=" ">
    <subfield code="a">Serbia</subfield>
  </datafield>
  <datafield tag="651" ind1=" " ind2=" ">
    <subfield code="a">Slovakia</subfield>
  </datafield>
  <datafield tag="651" ind1=" " ind2=" ">
    <subfield code="a">Slovenia</subfield>
  </datafield>
  <datafield tag="651" ind1=" " ind2=" ">
    <subfield code="a">Turkey</subfield>
  </datafield>
  <datafield tag="651" ind1=" " ind2=" ">
    <subfield code="a">Ukraine</subfield>
  </datafield>
  <datafield tag="651" ind1=" " ind2=" ">
    <subfield code="a">Baltic States</subfield>
  </datafield>
  <datafield tag="690" ind1=" " ind2=" ">
    <subfield code="a">Macroeconomic Analysis and Policy</subfield>
  </datafield>
  <datafield tag="690" ind1=" " ind2=" ">
    <subfield code="a">International Trade, Competitiveness and FDI</subfield>
  </datafield>
  <datafield tag="690" ind1=" " ind2=" ">
    <subfield code="a">Labour, Migration and Income Distribution</subfield>
  </datafield>
  <datafield tag="690" ind1=" " ind2=" ">
    <subfield code="a">Macroeconomic Analysis and Policy</subfield>
  </datafield>
  <datafield tag="690" ind1=" " ind2=" ">
    <subfield code="a">Sectoral studies</subfield>
  </datafield>
  <datafield tag="700" ind1="1" ind2=" ">
    <subfield code="a">P&#xF6;schl, Josef</subfield>
  </datafield>
  <datafield tag="830" ind1=" " ind2="0">
    <subfield code="v">2009-05</subfield>
    <subfield code="w">WIIW0000108</subfield>
    <subfield code="t">wiiw Research Reports in German Language</subfield>
  </datafield>
  <datafield tag="856" ind1="4" ind2="0">
    <subfield code="u">https://wiiw.ac.at/p-674.html</subfield>
  </datafield>
  <datafield tag="942" ind1=" " ind2=" ">
    <subfield code="c">P</subfield>
  </datafield>
  <datafield tag="999" ind1=" " ind2=" ">
    <subfield code="c">8605</subfield>
    <subfield code="d">8605</subfield>
  </datafield>
  <datafield tag="952" ind1=" " ind2=" ">
    <subfield code="0">0</subfield>
    <subfield code="1">0</subfield>
    <subfield code="4">0</subfield>
    <subfield code="7">0</subfield>
    <subfield code="a">BIB</subfield>
    <subfield code="b">BIB</subfield>
    <subfield code="c">1</subfield>
    <subfield code="d">2009-05-31</subfield>
    <subfield code="i">pwiiw0674</subfield>
    <subfield code="l">0</subfield>
    <subfield code="p">1000010000674</subfield>
    <subfield code="r">2009-05-31 00:00:00</subfield>
    <subfield code="w">2018-11-21</subfield>
    <subfield code="y">P</subfield>
  </datafield>
</record>
